Building Better Econometric Models Using Cross Section and Panel Data (Record no. 46550)

MARC details
000 -LEADER
fixed length control field 00486nam a22001697a 4500
005 - DATE AND TIME OF LATEST TRANSACTION
control field 20260513124933.0
008 - FIXED-LENGTH DATA ELEMENTS--GENERAL INFORMATION
fixed length control field 260513b |||||||| |||| 00| 0 eng d
020 ## - INTERNATIONAL STANDARD BOOK NUMBER
International Standard Book Number 9781606499740
041 ## - LANGUAGE CODE
Language code of text/sound track or separate title Eng
082 ## - DEWEY DECIMAL CLASSIFICATION NUMBER
Classification number 330.015 EDW
100 ## - MAIN ENTRY--PERSONAL NAME
Author Edwards, Jeffrey A.
245 ## - TITLE STATEMENT
Title Building Better Econometric Models Using Cross Section and Panel Data
260 ## - PUBLICATION, DISTRIBUTION, ETC.
Place New York
Publisher Business Expert Press
Publication Year 2014
300 ## - PHYSICAL DESCRIPTION
Extent 98;. P. 22 cm
650 ## - SUBJECT ADDED ENTRY--TOPICAL TERM
Subject Econometrics; Panel analysis
942 ## - ADDED ENTRY ELEMENTS (KOHA)
Koha item type Books
Holdings
Withdrawn status Lost status Source of classification or shelving scheme Damaged status Not for loan Home library Current library Shelving location Accession Date Vendor Price Bill number Total Checkouts Full call number Barcode No Date last seen Discount Cost, replacement price Bill Date Koha item type Suggested By
    Dewey Decimal Classification     IMTN IMTN Rack 7-A 05/13/2026 Raghav Books Private Limited 2093.45 2630   330.015 EDW 34017 05/13/2026 33 1402.61 04/30/2026 Books Recommended by Dr Veena Pailwar
Designed & Maintained by: LRC IMT Nagpur Contact: lrc@imtnag.ac.in© 2024. All Rights Reserved.